[Event "ch-CHN w"]
[Site "Beijing CHN"]
[Date "2008.06.02"]
[Round "5"]
[White "Ju Wenjun"]
[Black "Wang Yu A"]
[Result "1/2-1/2"]
[WhiteElo "2374"]
[BlackElo "2387"]

1.d4 d5 2.c4 c6 3.Nf3 Nf6 4.Nc3 dxc4 5.a4 Bf5 6.Ne5 Na6 7.e3 Nb4 8.Bxc4 e6
9.O-O Bd6 10.Qe2 Nc2 11.Rb1 Nd5 12.Bd3 Bxd3 13.Nxd3 Ncb4 14.Nxb4 Nxb4 15.e4 O-O
16.Be3 Qa5 17.Rfd1  1/2-1/2

[Event "ch-FIN"]
[Site "Mantta FIN"]
[Date "2008.06.02"]
[Round "1"]
[White "Nyback,T"]
[Black "Karttunen,M"]
[Result "1-0"]
[WhiteElo "2587"]
[BlackElo "2414"]

1.d4 d5 2.c4 c6 3.Nc3 Nf6 4.Nf3 dxc4 5.a4 Bf5 6.e3 e6 7.Bxc4 Bb4 8.O-O O-O
9.Qe2 Bg6 10.Ne5 Nbd7 11.Nxg6 hxg6 12.Rd1 Qa5 13.Na2 Be7 14.Bd2 Qc7 15.b4 e5
16.a5 Bd6 17.g3 Rfe8 18.Qf3 a6 19.Rac1 e4 20.Qe2 Qd8 21.Bc3 Qe7 22.d5 cxd5
23.Bxd5 Nxd5 24.Rxd5 Nf6 25.Bxf6 Qxf6 26.Rc4 Re6 27.Nc3 Qe7 28.Qc2 f5 29.Na4 Rf8
30.Nc5 Bxc5 31.Rcxc5 b6 32.Rc7 Qf6 33.Qc4 b5 34.Qc5 g5 35.Rdd7 Qh6 36.Qd5 Rf6
37.Rd8+ Kh7 38.Rcc8  1-0

[Event "Alushta Summer-3"]
[Site "Alushta UKR"]
[Date "2008.06.05"]
[Round "5"]
[White "Shvyrjov,I"]
[Black "Chos,A"]
[Result "1/2-1/2"]
[WhiteElo "2432"]
[BlackElo "2406"]

1.d4 d5 2.c4 c6 3.Nf3 Nf6 4.Nc3 dxc4 5.a4 Bf5 6.e3 e6 7.Bxc4 Bb4 8.O-O O-O
9.Nh4 Bg4 10.f3 Nd5 11.fxg4 Qxh4 12.Qf3 Nd7 13.Bd2 a5 14.Rad1 Bd6 15.g3 Qe7
16.Bd3 Nb4 17.Bb1 Bc7 18.Ne4 f5 19.Nc3 Rae8 20.Rde1 g6 21.Re2 fxg4 22.Qxg4 Rxf1+
23.Kxf1 e5 24.Kg2 Nf6 25.Qh4 exd4 26.exd4 Qxe2+ 27.Nxe2 Rxe2+ 28.Kh3 Rxd2
29.Qxf6 Rxb2 30.Qe6+ Kg7 31.Bxg6 hxg6 32.Qe7+ Kh6 33.Qxc7 Nd3 34.Qxa5 Nf2+
35.Kg2 Ng4+ 36.Kf3 Nxh2+ 37.Ke4 Ng4 38.Qc5 Rb3 39.Qf8+ Kg5  1/2-1/2

[Event "58th ch-RUS w HL"]
[Site "Chelyabinsk RUS"]
[Date "2008.06.07"]
[Round "4"]
[White "Shumiakina,T"]
[Black "Schepetkova,M"]
[Result "1-0"]
[WhiteElo "2360"]
[BlackElo "2158"]

1.d4 d5 2.c4 c6 3.Nc3 Nf6 4.Nf3 dxc4 5.a4 Bf5 6.e3 e6 7.Bxc4 Bb4 8.O-O O-O
9.Qe2 Bg4 10.Rd1 Nbd7 11.e4 Re8 12.Bg5 Qa5 13.e5 Nd5 14.Ne4 Bf8 15.Bd3 c5
16.Bb5 Qc7 17.Bxd7 Qxd7 18.dxc5 Rec8 19.Rdc1 Rc6 20.Bd2 Qc7 21.b4 Bxf3 22.Qxf3 Qxe5
23.Ng5 f6 24.Re1 Qd4 25.b5 fxg5 26.bxc6 Qxd2 27.cxb7 Rb8 28.c6 Qa5 29.Rxe6 Nf4
30.Ree1 Bd6 31.Rad1 h6 32.g3 Bb4 33.Qb3+ Kh8 34.Re4 Nh3+ 35.Kg2 Rf8 36.Qxb4 Rxf2+
37.Kh1 Qf5 38.Re8+ Kh7 39.Qe4  1-0

[Event "XXX Nezhmetdinov Mem"]
[Site "Kazan RUS"]
[Date "2008.06.08"]
[Round "8"]
[White "Apsatarov,I"]
[Black "Bitkinin,L"]
[Result "0-1"]
[WhiteElo "1984"]
[BlackElo "2142"]

1.d4 d5 2.c4 c6 3.Nc3 Nf6 4.Nf3 dxc4 5.a4 Bf5 6.e3 e6 7.Bxc4 Bb4 8.O-O Nbd7
9.Bd3 Bg4 10.Be2 O-O 11.h3 Bh5 12.Ne5 Bxe2 13.Qxe2 Nxe5 14.dxe5 Nd7 15.f4 Qe7
16.Ne4 Nb6 17.Qc2 a5 18.Ng5 g6 19.Qf2 Kg7 20.b3 Nd5 21.Kh1 Rad8 22.Bb2 Bc3
23.e4 Bxb2 24.Qxb2 Nxf4 25.Rxf4 Qxg5 26.Raf1 Qe7 27.Qc3 Qb4 28.Qg3 Rd7 29.Kh2 b5
30.axb5 cxb5 31.R1f3 h6 32.h4 h5 33.Qg5 a4 34.bxa4 bxa4 35.g4 Qe1 36.Qf6+ Kh7
37.gxh5 gxh5 38.Rf2 Rg8 39.Rg2 Rxg2+ 40.Kxg2 Rd2+ 41.Kh3 Qh1+ 42.Kg3  0-1

[Event "ch-LIB"]
[Site "Beirut LIB"]
[Date "2008.06.14"]
[Round "9"]
[White "Shamieh,M"]
[Black "Atwi,A"]
[Result "0-1"]
[WhiteElo "2196"]
[BlackElo "2138"]

1.Nf3 d5 2.d4 Nf6 3.c4 c6 4.Nc3 dxc4 5.a4 Bf5 6.e3 e6 7.Bxc4 Bb4 8.O-O O-O
9.Qe2 Bxc3 10.bxc3 Ne4 11.Ba3 Re8 12.Ne5 Nd7 13.Nxd7 Qxd7 14.Qb2 Reb8 15.f3 Nd6
16.Bxd6 Qxd6 17.e4 Bg6 18.e5 Qc7 19.Qf2 b5 20.Bb3 a5 21.Bc2 Bxc2 22.Qxc2 c5
23.axb5 cxd4 24.c4 Qxe5 25.Rfe1 Qc5 26.Qd3 Rc8 27.Rec1 a4 28.Qa3 Qb6 29.Kf1 h5
30.Qd3 Qc5 31.Ra2 e5 32.Ke2 Qb4 33.Rb1 Qxc4 34.Qxc4 Rxc4 35.b6 Rb8 36.b7 Rc7
37.Rxa4 Rcxb7 38.Rxb7 Rxb7 39.Ra8+ Kh7 40.f4 e4 41.Ra4 Rd7 42.Kd2 f5 43.Ra5 g6
44.Ra4 d3  0-1

[Event "XXVI Balatoni Sakkfesztival IM"]
[Site "Balatonlelle HUN"]
[Date "2008.06.20"]
[Round "8"]
[White "Petran,Pa"]
[Black "Hess,C1"]
[Result "0-1"]
[WhiteElo "2347"]
[BlackElo "2281"]

1.d4 d5 2.c4 c6 3.Nc3 Nf6 4.Nf3 dxc4 5.a4 Bf5 6.Ne5 Nbd7 7.Nxc4 Nb6 8.Ne5 a5
9.f3 Nfd7 10.Nxd7 Nxd7 11.e4 Bg6 12.Be3 Qb6 13.Qd2 e5 14.Rd1 O-O-O 15.d5 Bc5
16.Kf2 f5 17.exf5 Bxf5 18.dxc6 bxc6 19.Be2 Rhf8 20.Bd3 Bxd3 21.Qxd3 e4 22.Qxe4 Rfe8  0-1

[Event "22th Open"]
[Site "Pula CRO"]
[Date "2008.06.22"]
[Round "2"]
[White "Kuljasevic,D"]
[Black "Jeran,B"]
[Result "1-0"]
[WhiteElo "2502"]
[BlackElo "2193"]

1.d4 d5 2.c4 c6 3.Nf3 Nf6 4.Nc3 dxc4 5.a4 Bf5 6.Ne5 e6 7.f3 c5 8.e4 Bg6 9.d5 exd5
10.exd5 Qe7 11.Qe2 Nbd7 12.Nxc4 O-O-O 13.Bg5 h6 14.Bh4 Bc2 15.Rc1 g5 16.Bg3 Qxe2+
17.Bxe2 Bxa4 18.Nxa4 Nxd5 19.Nd6+ Bxd6 20.Bxd6 Nf4 21.Bxf4 gxf4 22.Nxc5 Nxc5
23.Rxc5+ Kb8 24.Rc4  1-0

[Event "White Nights Open"]
[Site "St Petersburg RUS"]
[Date "2008.06.25"]
[Round "5"]
[White "Ivanjuk,A"]
[Black "Pankov,Ger"]
[Result "0-1"]
[WhiteElo "2131"]
[BlackElo "2349"]

1.d4 d5 2.Nf3 Nf6 3.c4 c6 4.Nc3 dxc4 5.a4 Bf5 6.e3 e6 7.Bxc4 Bb4 8.O-O O-O
9.Qe2 Bg4 10.Rd1 Qa5 11.Bd2 Nbd7 12.e4 e5 13.d5 Nb6 14.Bb3 cxd5 15.exd5 Rfe8
16.h3 Bh5 17.g4 Bg6 18.Nh4 Rad8 19.Nxg6 hxg6 20.Qb5 Re7 21.Qxa5 Bxa5 22.Ne4 Bxd2
23.Nxf6+ gxf6 24.Rxd2 Nc8 25.Rc1 Nd6 26.f3 f5 27.Re1 e4 28.Rde2 Rde8 29.Kf2 f4
30.fxe4 Nxe4+ 31.Kg2 f3+ 32.Kxf3 Nd2+ 33.Rxd2 Rxe1 34.Bc4 R1e3+ 35.Kg2 Kg7
36.a5 Rh8 37.d6 Rexh3 38.Rd4 Rh2+ 39.Kf3 Rxb2 40.Ke4 Rd8 41.Kd5 Rb1 42.a6 Rb6
43.Ke5 bxa6 44.Rf4 Rd7 45.Rf6 a5 46.g5 a4 47.Kd5 Rd8 48.Kc5 Rc8+ 49.Kd5 Rf8
50.Kc5 a3 51.Rf3 Rc8+ 52.Kd5 Rxd6+ 53.Kxd6 Rxc4 54.Rxa3 Rg4 55.Ra5 Rf4 56.Rxa7 Rf5  0-1

[Event "XII Izmailov Mem"]
[Site "Tomsk RUS"]
[Date "2008.06.26"]
[Round "2"]
[White "Timofeev,Arty"]
[Black "Markov,J"]
[Result "1-0"]
[WhiteElo "2664"]
[BlackElo "2399"]

1.d4 d5 2.c4 c6 3.Nf3 Nf6 4.Nc3 dxc4 5.a4 Bf5 6.e3 e6 7.Bxc4 Bb4 8.O-O O-O
9.Nh4 Bg4 10.f3 Bh5 11.g4 Nd5 12.Ng2 Bg6 13.Ne2 Nd7 14.e4 Nc7 15.Be3 f6 16.Bf4 Re8
17.Qb3 a5 18.Bxc7 Qxc7 19.Ngf4 Nf8 20.Nxg6 hxg6 21.f4 Qd7 22.Qd3 Rad8 23.Rad1 Qe7
24.Qb3 Rd6 25.Kh1 Red8 26.e5 Rd5 27.Bxd5 exd5 28.Ng3 fxe5 29.dxe5 Ne6 30.Qc2 g5
31.Nf5 Qe8 32.fxg5 Nxg5 33.Qe2 Qe6 34.Ng3 Re8 35.Rf5 Nf7 36.Nh5 Nxe5 37.Rdf1 d4
38.Qe4 Qd5 39.Qxd5+ cxd5 40.Rg5 Re7 41.Nf6+ Kf7 42.Nd7+ Ke6  1-0

[Event "Svein Johannessen Mem"]
[Site "Oslo NOR"]
[Date "2008.06.28"]
[Round "3"]
[White "Moen,A"]
[Black "Skrondal,I"]
[Result "1-0"]
[WhiteElo "2295"]
[BlackElo "2189"]

1.Nf3 Nf6 2.d4 d5 3.c4 c6 4.Nc3 dxc4 5.a4 Bf5 6.Ne5 e6 7.f3 c5 8.e4 Bg6 9.Bxc4 cxd4
10.Bb5+ Nfd7 11.Qxd4 a6 12.Bxd7+ Nxd7 13.h4 Nxe5 14.Qxe5 h5 15.Nd5 Kd7 16.Bg5 Qb8
17.Nb6+ Ke8 18.Qd4  1-0

[Event "Svein Johannessen Mem"]
[Site "Oslo NOR"]
[Date "2008.06.29"]
[Round "5"]
[White "Thingstad,E"]
[Black "Mellem,N"]
[Result "0-1"]
[WhiteElo "1982"]
[BlackElo "2131"]

1.d4 d5 2.c4 c6 3.Nf3 Nf6 4.Nc3 dxc4 5.a4 Bf5 6.e3 e6 7.a5 Bb4 8.Qa4 Qe7
9.Bxc4 O-O 10.O-O Nbd7 11.Be2 a6 12.Bd2 Bg6 13.Ne4 Bxd2 14.Nexd2 Bh5 15.Rfe1 Rfd8
16.Nc4 Ne4 17.Qc2 Ndf6 18.Nce5 Bg6 19.Nxg6 hxg6 20.Ne5 Nd6 21.Nd3 Nf5 22.Rec1 Ne4
23.Ra3 Qh4 24.Bf3 Ng5 25.Qe2 Qh6 26.g3 Rxd4 27.Bg2 Rd6 28.h4 Nh7 29.Nc5 Rb8
30.Ne4 Rdd8 31.Qc2 g5 32.hxg5 Nxg5 33.Nxg5 Qxg5 34.Rb3 Qe7 35.Qc4 Rd6 36.Be4 Rbd8
37.Kg2 Rd2 38.Bxf5 exf5 39.Rh1 R8d5 40.Qb4 Qxb4 41.Rxb4 Rb5 42.Rbh4 f6 43.b4 Rb2
44.Rh8+ Kf7 45.Rd1 R2xb4 46.Rd7+ Ke6 47.Rxg7 Rxa5 48.Rhh7 Kd5 49.Rf7 Kc4
50.Rxf6 Rd5 51.Rhf7 Rbb5 52.Kf3 a5 53.Rh6 a4 54.Rh1 a3 55.Rfh7 Rb2 56.Ra1 Ra5
57.Rd7 Kc5 58.Rd4 a2 59.Rd7 Rb1 60.Rd1 Rxd1  0-1

[Event "IV Open"]
[Site "Sort ESP"]
[Date "2008.06.29"]
[Round "7"]
[White "Ibrahimov,R"]
[Black "Delchev,A"]
[Result "1/2-1/2"]
[WhiteElo "2535"]
[BlackElo "2639"]

1.Nf3 Nf6 2.c4 c6 3.d4 d5 4.Nc3 dxc4 5.a4 Bf5 6.Ne5 Nbd7 7.Nxc4 Nb6 8.Ne5 a5
9.Bg5 g6 10.e3 Bg7 11.Bd3 Be6 12.O-O Nfd5 13.Nf3 h6 14.Bh4 Nb4 15.Be2  1/2-1/2

[Event "Svein Johannessen Mem"]
[Site "Oslo NOR"]
[Date "2008.07.01"]
[Round "9"]
[White "Moen,A"]
[Black "Bjerke,R"]
[Result "1-0"]
[WhiteElo "2295"]
[BlackElo "2209"]

1.d4 d5 2.c4 c6 3.Nc3 Nf6 4.Nf3 dxc4 5.a4 Bf5 6.Ne5 Nbd7 7.Nxc4 Nb6 8.Nxb6 Qxb6
9.a5 Qc7 10.g3 e6 11.Bg2 a6 12.e4 Bg4 13.Qb3 Be7 14.O-O O-O 15.Be3 Rac8 16.Na4 Nd7
17.Rfc1 e5 18.dxe5 Nxe5 19.Nb6 Be6 20.Qc2 Rcd8 21.Nd5 Bxd5 22.Bb6 Qd7 23.Bxd8 Rxd8
24.exd5 cxd5 25.Qc7 Nc6 26.Qxd7 Rxd7 27.Rd1 Nb4 28.Bh3 Rd8 29.Rac1 Nc6 30.Bg2 Bg5
31.f4 Bf6 32.Bxd5 Bd4+ 33.Rxd4 Nxd4 34.Rc7 Ne6 35.Bxe6 fxe6 36.Rxb7 Rd2 37.b4 Ra2
38.Rb6 Ra4 39.Kf2 Kf7 40.Ke3 Ra2 41.Rxa6 Rxh2 42.Rb6  1-0

[Event "XXVIII Open"]
[Site "Benasque ESP"]
[Date "2008.07.09"]
[Round "7"]
[White "Spraggett,K"]
[Black "Neelotpal,D"]
[Result "1-0"]
[WhiteElo "2601"]
[BlackElo "2462"]

1.Nf3 d5 2.d4 c6 3.c4 Nf6 4.Nc3 dxc4 5.a4 Bf5 6.e3 e6 7.Bxc4 Bb4 8.O-O O-O
9.Nh4 Nbd7 10.Nxf5 exf5 11.Qc2 g6 12.f3 Nb6 13.Bb3 a5 14.Kh1 Re8 15.g4 f4
16.e4 Qxd4 17.Bxf4 Bf8 18.Rad1 Qc5 19.Bg3 Qb4 20.Be1 Qe7 21.Bh4 c5 22.Nd5 Nbxd5
23.Rxd5 Rad8 24.Rfd1 Rxd5 25.Rxd5 h6 26.e5 g5 27.exf6 Qe3 28.Rxg5+ Kh8 29.Rf5  1-0

[Event "ch-BEL"]
[Site "Eupen BEL"]
[Date "2008.07.09"]
[Round "5"]
[White "Van der Stricht,G"]
[Black "Hovhanisian,M"]
[Result "1/2-1/2"]
[WhiteElo "2426"]
[BlackElo "2458"]

1.d4 d5 2.c4 c6 3.Nf3 Nf6 4.Nc3 dxc4 5.a4 Bf5 6.e3 e6 7.Bxc4 Bb4 8.O-O O-O
9.Qe2 Bg6 10.Ne5 Nbd7 11.Nxg6 hxg6 12.Rd1 Qe7 13.e4 e5 14.d5 cxd5 15.Nxd5 Nxd5
16.Bxd5 Nf6 17.Be3 a6 18.Rac1 Rac8 19.Rc4 Nxd5 20.Rxd5 Rcd8 21.Qg4 Rxd5 22.exd5 Bd6
23.Rc8 Rxc8 24.Qxc8+ Kh7 25.Qh3+ Kg8 26.Qc8+ Kh7 27.Qh3+ Kg8 28.Qc8+  1/2-1/2

[Event "XVII Burgas Open"]
[Site "Ourense ESP"]
[Date "2008.07.09"]
[Round "7"]
[White "Manolache,M"]
[Black "Baltar Iglesias,D"]
[Result "1/2-1/2"]
[WhiteElo "2521"]
[BlackElo "2281"]

1.d4 Nf6 2.Nf3 d5 3.c4 c6 4.Nc3 dxc4 5.a4 Bf5 6.Ne5 Nbd7 7.Nxc4 a5 8.f3 Nb6
9.e4 Bg6 10.Qb3 Nfd7 11.Be3 e6 12.h4 h5 13.Nxb6 Qxb6 14.Qxb6 Nxb6 15.d5 Nd7
16.dxe6 fxe6 17.Bc4 Bc5 18.Ke2 Bxe3 19.Kxe3 Bf7 20.Rh3 e5 21.Bxf7+ Kxf7 22.Rg3 Rad8
23.Rg5 Kf6 24.f4 exf4+ 25.Kxf4 g6 26.Rxa5 Ke6 27.Ne2 Nf6 28.Re5+ Kf7 29.Rf1 Kg7
30.Re7+ Kh6 31.Kg3 Rd7 32.Rxd7 Nxd7 33.Rf7 Nc5 34.Kf3 Ra8 35.b4 Nd3 36.Ke3 Nxb4
37.Rxb7 Rxa4 38.Nc3 Ra3 39.Kd2 c5 40.e5 Ra6 41.Ne4 g5 42.Nxc5 Ra2+ 43.Ke3 Nc2+
44.Ke4 gxh4 45.e6 Kg6 46.Rb8 Ne1 47.Kd4 Rd2+ 48.Ke3 Rd5 49.Kf2 Re5 50.Rc8 Kf5
51.Rc6 Kg6 52.Rc7 Rxc5 53.Rxc5 Nd3+ 54.Kf3 Nxc5 55.e7 Kf7 56.Kf4 Nd7 57.Kg5 Kxe7
58.Kxh5  1/2-1/2

[Event "ch-NOR Elite"]
[Site "Tonsberg NOR"]
[Date "2008.07.09"]
[Round "5"]
[White "Urkedal,F"]
[Black "Hole,O"]
[Result "0-1"]
[WhiteElo "2254"]
[BlackElo "2387"]

1.d4 d5 2.c4 c6 3.Nf3 Nf6 4.Nc3 dxc4 5.a4 Bf5 6.Ne5 Nbd7 7.Nxc4 Qc7 8.Qd2 e6
9.Qf4 Qxf4 10.Bxf4 Bb4 11.Nd6+ Ke7 12.Nxf5+ exf5 13.Bd2 a5 14.g3 Nb6 15.e3 Ne4
16.Nxe4 fxe4 17.Bg2 f5 18.g4 g6 19.b3 Nd5 20.Rc1 h5 21.gxf5 gxf5 22.Ke2 Rhg8
23.Rhg1 Bd6 24.Bh3 Kf6 25.Rxg8 Rxg8 26.Bxa5 f4 27.Rh1 f3+ 28.Kd1 Ra8 29.Bd2 b5
30.Bd7 Ra6 31.a5 Bb4 32.Bc1 Bxa5 33.Rg1 Bb4 34.Bb2 Ra2 35.Bxc6 Rxb2 36.Kc1 Ra2  0-1

[Event "ch-BEL"]
[Site "Eupen BEL"]
[Date "2008.07.11"]
[Round "7"]
[White "Denayer,E"]
[Black "Hovhanisian,M"]
[Result "1/2-1/2"]
[WhiteElo "2265"]
[BlackElo "2458"]

1.Nf3 d5 2.d4 Nf6 3.c4 c6 4.Nc3 dxc4 5.a4 Bf5 6.e3 e6 7.Bxc4 Bb4 8.O-O O-O
9.Qe2 Bg6 10.Ne5 Nbd7 11.Nxg6 hxg6 12.Rd1 Qa5 13.e4 e5 14.d5 Bxc3 15.bxc3 cxd5
16.Bxd5 Nxd5 17.Rxd5 Qc7 18.Qb5 Nf6 19.Rc5 Qb8 20.Rc4 a6 21.Qb3 b5 22.Rb4 bxa4
23.Qxa4 Qd6 24.Ba3 Rfd8 25.Rb7 Qd2 26.Qb3 Rd7 27.Rxd7 Qxd7 28.Rd1 Qb5 29.Qc2 Qc4
30.f3 Rc8 31.Rd3 Nh5 32.g3 f5 33.exf5 gxf5 34.Rd6 e4 35.fxe4 fxe4 36.Qd2 Nf6
37.Rd8+ Rxd8 38.Qxd8+ Kh7 39.Qd2 a5 40.Bd6 a4 41.Qf4 Qd5 42.h3 Qd1+ 43.Kg2 Qc2+
44.Qf2 Qxc3 45.Qf5+ Kh8 46.Be5 Qc2+ 47.Kf1 Qd1+ 48.Kg2 Qd2+ 49.Kg1 Qc1+ 50.Kg2 Qc2+
51.Kf1 Qc4+ 52.Kg2 e3 53.Bxf6 Qc6+ 54.Kh2 gxf6 55.h4 a3 56.Qh5+ Kg7 57.Qg4+ Kf7
58.h5 a2 59.Qg6+ Ke7 60.Qg7+ Ke6 61.Qg8+ Kf5 62.Qxa2 Qf3 63.Qc2+ Ke6 64.Qc8+  1/2-1/2

[Event "Heart of Finland"]
[Site "Jyvaskyla FIN"]
[Date "2008.07.12"]
[Round "1"]
[White "Nisula,T"]
[Black "Karttunen,M"]
[Result "0-1"]
[WhiteElo "1973"]
[BlackElo "2418"]

1.Nf3 d5 2.d4 Nf6 3.c4 c6 4.Nc3 dxc4 5.a4 Bf5 6.Ne5 Nbd7 7.Nxc4 Nb6 8.Ne5 a5
9.f3 Nfd7 10.Nxd7 Nxd7 11.e4 Bg6 12.Bc4 e5 13.d5 Qb6 14.dxc6 bxc6 15.Qb3 Bb4
16.Ke2 Nc5 17.Qc2 Nb7 18.Rd1 O-O 19.Be3 Bc5 20.Bg5 Rab8 21.Rab1 Nd6 22.Ba2 Kh8
23.g4 f6 24.Bh4 Bd4 25.Kf1 Qc5 26.Qd3 Qa7 27.Be1 Bf7 28.Bxf7 Qxf7 29.Bf2 c5
30.Qa6 Qc4+ 31.Qxc4 Nxc4 32.Nb5 Bxb2 33.Bxc5 Rfc8 34.Ba7 Rb7 35.Bf2 Kg8 36.Ke2 Rxb5
37.axb5 a4 38.b6 a3 39.Rxb2 axb2 40.Rb1 Rd8 41.Be3 Kf7 42.b7 Rb8 43.Kd3 Nxe3
44.Kxe3 Rxb7 45.Kd2 Rb3 46.Ke2 Ke6  0-1

[Event "Maestro Open"]
[Site "Berdsk RUS"]
[Date "2008.07.13"]
[Round "6"]
[White "Ulienkov,V"]
[Black "Petrukhina,I"]
[Result "1-0"]
[WhiteElo "2163"]
[BlackElo "1920"]

1.d4 d5 2.c4 c6 3.Nf3 Nf6 4.Nc3 dxc4 5.a4 Bf5 6.g3 Nbd7 7.Bg2 e6 8.O-O Bb4
9.Nd2 e5 10.Nxc4 exd4 11.Qxd4 O-O 12.Bf4 Bc5 13.Qd2 Nb6 14.Qxd8 Raxd8 15.Na5 Rd7
16.Rfd1 Rxd1+ 17.Rxd1 Bc8 18.Bd6 Bxd6 19.Rxd6 Re8 20.Rd4 h6 21.Nb3 Kh7 22.Nc5 Nbd5
23.Nxd5 Nxd5 24.e3 Nc7 25.Ne4 Ne6 26.Rd2 Rd8 27.Rxd8 Nxd8 28.Nd6 Be6 29.Kf1 Kg8
30.Ke2 a5 31.Ne4 Bd5 32.f3 Bxe4 33.fxe4 Ne6 34.Bh3 Nc5 35.Bc8 b6 36.b3 Nxe4
37.Kd3 Nc5+ 38.Kc4 Kf8 39.Bf5 Ke7 40.Bc2 Kd6 41.Kd4 Ne6+ 42.Kc4 Ng5 43.h4 Nf3
44.Bd1 Nd2+ 45.Kd3 Nf1 46.Ke4 Nxg3+ 47.Kf4 Nf1 48.e4 Nd2 49.Ke3  1-0

[Event "Inautomarket Open"]
[Site "Minsk BLR"]
[Date "2008.07.15"]
[Round "6"]
[White "Smirnov,Arte"]
[Black "Lintchevski,D"]
[Result "1-0"]
[WhiteElo "2452"]
[BlackElo "2506"]

1.d4 d5 2.c4 c6 3.Nf3 Nf6 4.Nc3 dxc4 5.a4 Bf5 6.e3 e6 7.Bxc4 Nbd7 8.O-O Bb4
9.Qe2 Bg6 10.e4 O-O 11.Bd3 h6 12.Rd1 Rc8 13.Bf4 a6 14.h3 Re8 15.Rac1 Qa5
16.Nd2 b5 17.Nb3 Qb6 18.axb5 axb5 19.e5 Bxd3 20.Rxd3 Nd5 21.Nxd5 cxd5 22.Rxc8 Rxc8
23.Rg3 Qc7 24.Bxh6 g6 25.Qxb5 Rb8 26.Qd3 Kh7 27.Bg5  1-0

[Event "XIII Open"]
[Site "Balaguer ESP"]
[Date "2008.07.18"]
[Round "5"]
[White "Lalith,B"]
[Black "Sanchez,Joseph"]
[Result "1-0"]
[WhiteElo "2328"]
[BlackElo "2486"]

1.Nf3 d5 2.d4 Nf6 3.c4 c6 4.Nc3 dxc4 5.a4 Bf5 6.Nh4 e6 7.Nxf5 exf5 8.e3 Bd6
9.Bxc4 O-O 10.h3 Re8 11.O-O Nbd7 12.Qb3 Re7 13.Qxb7 Ne5 14.Qa6 Ng6 15.Qxc6 Rc8
16.Qa6 Rb8 17.Be2 Ne4 18.Qd3 Bc7 19.Nb5 Ba5 20.Na3 Bc7 21.Nc4 Qd5 22.f4 Nh4
23.Bf3 Re6 24.Bxe4 fxe4 25.Qc2 Rg6 26.Rf2 Nf3+ 27.Kf1 Nh2+ 28.Ke1 Bd8 29.Ne5 Rh6
30.Qc4 Qb7 31.Rc2 Qe7 32.a5 Qe8 33.Ra3 Rd6 34.Bd2 Bh4+ 35.Kd1 g5 36.fxg5 Bxg5
37.Rb3 Rxb3 38.Qxb3 Nf1 39.Rc8 Qxc8 40.Qxf7+ Kh8 41.Qxf1 Rf6 42.Qb5 Qe6 43.Bc3 Qa2
44.Ng4 Kg8 45.Nxf6+ Bxf6 46.Kc2  1-0

[Event "Politiken Cup"]
[Site "Helsingor DEN"]
[Date "2008.07.19"]
[Round "1"]
[White "Mchedlishvili,M"]
[Black "Noer,M"]
[Result "1-0"]
[WhiteElo "2604"]
[BlackElo "2000"]

1.d4 d5 2.c4 c6 3.Nc3 Nf6 4.Nf3 dxc4 5.a4 Bf5 6.Ne5 e6 7.Bg5 Bb4 8.Nxc4 Nbd7
9.f3 Qc7 10.Qb3 a5 11.e4 Bg6 12.Be2 O-O 13.O-O Rfe8 14.Rad1 Nh5 15.Rfe1 Kh8
16.Bf1 f6 17.Be3 e5 18.d5 Bf7 19.Re2 Bc5 20.g3 Rad8 21.Kg2 g6 22.Bxc5 Nxc5
23.Qa3 Na6 24.d6 Qd7 25.Nxa5 f5 26.Red2 Ra8 27.Nc4 Qd8 28.d7 Rg8 29.Nxe5 Be6
30.Rd6 Qe7 31.Bxa6 bxa6 32.Nxc6  1-0

[Event "XIII Open"]
[Site "Balaguer ESP"]
[Date "2008.07.21"]
[Round "8"]
[White "Gupta,Ab"]
[Black "Delchev,A"]
[Result "1/2-1/2"]
[WhiteElo "2551"]
[BlackElo "2618"]

1.d4 d5 2.c4 c6 3.Nc3 Nf6 4.Nf3 dxc4 5.a4 Bf5 6.Ne5 Nbd7 7.Nxc4 Nb6 8.Ne5 a5
9.f3 Nfd7 10.e4 Nxe5 11.exf5 Nec4 12.Qb3 Nd6 13.Bd3 g6 14.g4 Bg7 15.Be3 Rc8
16.Bf2 Nd7 17.O-O-O Qb6 18.Qxb6 Nxb6 19.Rhe1 Nd5 20.Kb1 Kd7 21.Bg3 gxf5 22.gxf5 Nb4
23.Bf1 Nd5 24.f6 Nxc3+ 25.bxc3 Bxf6 26.c4 Rcd8 27.Bh3+ Ke8 28.c5 Nc8 29.Bc7 e6
30.Bxd8 Kxd8 31.Re4 Ne7 32.Kc2 Kc7 33.Kd3 Rd8 34.Kc4 Rd7 35.f4 Rd5 36.Bg4 h5
37.Bh3 Rd8 38.Rf1 Rd5 39.Re5 Rd7 40.Re4 Rd5 41.Re5 Rd7 42.Re4  1/2-1/2

[Event "31st Taminco Open"]
[Site "Ghent BEL"]
[Date "2008.07.21"]
[Round "6"]
[White "Noiroux,K"]
[Black "Skatchkov,P"]
[Result "1-0"]
[WhiteElo "2140"]
[BlackElo "2491"]

1.d4 d5 2.c4 c6 3.Nf3 Nf6 4.Nc3 dxc4 5.a4 Bf5 6.Nh4 e6 7.Nxf5 exf5 8.e3 Bd6
9.Bxc4 O-O 10.h3 Nbd7 11.a5 a6 12.Qf3 g6 13.O-O Qe7 14.g4 fxg4 15.hxg4 Rae8
16.Kg2 Kh8 17.Rh1 Nd5 18.Bxd5 cxd5 19.Nxd5 Qe6 20.Re1 f5 21.g5 Qf7 22.Bd2 Re4
23.Nf4 Qe7 24.Qg3 Kg8 25.f3 Bxf4 26.exf4 Re2+ 27.Rxe2 Qxe2+ 28.Qf2 Qd3 29.Ra3 Qb5
30.Qe3 Rf7 31.Rb3 Qd5 32.Rc3 Rf8 33.Rc7 Kf7 34.Qe5 Qe6 35.d5  1-0

[Event "Politiken Cup"]
[Site "Helsingor DEN"]
[Date "2008.07.21"]
[Round "4"]
[White "Molvig,H"]
[Black "Carnstam,T"]
[Result "1/2-1/2"]
[WhiteElo "2204"]
[BlackElo "2046"]

1.d4 d5 2.c4 c6 3.Nf3 Nf6 4.Nc3 dxc4 5.a4 Bf5 6.e3 e6 7.Bxc4 Bb4 8.O-O O-O
9.h3 a5 10.Nh4 Bg6 11.Nxg6 hxg6 12.Qc2 Na6 13.Rd1 Be7 14.e4 Nb4 15.Qe2 Qc7
16.Be3 Rad8 17.Rac1 Qb8 18.Rd2 Rd7 19.Rcd1 Rfd8 20.Qf3 b6 21.Bf4 Qb7 22.Qe2 Nh5
23.Be3 Nf6 24.Bg5 c5 25.dxc5 Bxc5 26.Rxd7 Rxd7 27.Bxf6  1/2-1/2

[Event "ch-AUT"]
[Site "Leoben AUT"]
[Date "2008.07.21"]
[Round "3"]
[White "Freitag,Ma"]
[Black "Pilaj,H"]
[Result "1/2-1/2"]
[WhiteElo "2408"]
[BlackElo "2389"]

1.d4 d5 2.c4 c6 3.Nf3 Nf6 4.Nc3 dxc4 5.a4 Bf5 6.e3 e6 7.Bxc4 Bb4 8.Ne5 Nbd7
9.Nxd7 Nxd7 10.O-O O-O 11.f3 e5 12.e4 Bg6 13.Be3 Kh8 14.dxe5 Nxe5 15.Be2 f6
16.Qxd8 Rfxd8 17.Rfd1 Bf7 18.a5 Rxd1+ 19.Nxd1 a6 20.f4 Nc4 21.Bxc4 Bxc4 22.Bb6 Bd6
23.g3 Bb3 24.Nc3 Kg8 25.Kf2 Re8 26.Re1 Kf7 27.Re3 Bc4 28.Kf3 Bb4 29.Na4 Bb5
30.Rb3  1/2-1/2

[Event "19th Czech Jihlavanka B Open"]
[Site "Pardubice CZE"]
[Date "2008.07.21"]
[Round "4"]
[White "Korsus,B"]
[Black "Kotva,M"]
[Result "1-0"]
[WhiteElo "2263"]
[BlackElo "2074"]

1.d4 d5 2.c4 c6 3.Nf3 Nf6 4.Nc3 dxc4 5.a4 Bf5 6.Ne5 e6 7.Nxc4 Bb4 8.e3 O-O
9.Bd3 Nbd7 10.Bxf5 exf5 11.O-O Qc7 12.Qf3 g6 13.Bd2 Rfe8 14.Rac1 Rad8 15.Na2 Bf8
16.b4 Ne4 17.Be1 Ndf6 18.g3 Qd7 19.Na5 Bh6 20.Nc3 Ng4 21.Qg2  1-0

[Event "19th Czech Chladek & Tintera A Open"]
[Site "Pardubice CZE"]
[Date "2008.07.21"]
[Round "4"]
[White "Gasanov,E"]
[Black "Alavkin,A"]
[Result "1/2-1/2"]
[WhiteElo "2523"]
[BlackElo "2439"]

1.d4 d5 2.c4 c6 3.Nf3 Nf6 4.Nc3 dxc4 5.a4 Bf5 6.e3 e6 7.Bxc4 Bb4 8.O-O Nbd7
9.Qe2 Bg4 10.h3 Bh5 11.Rd1 O-O 12.e4 Ne8 13.Bf4 Bd6 14.e5 Be7 15.a5 Nc7 16.Qe3 b5
17.Be2 b4 18.Ne4 Nd5 19.Qc1 Rc8 20.Nd6 Rc7 21.Bg3 c5 22.Nb5 Rb7 23.Nd6 Rc7
24.Nb5 Rb7 25.Nd6 Rc7 26.Nb5 Rb7  1/2-1/2

[Event "31st Taminco Open"]
[Site "Ghent BEL"]
[Date "2008.07.22"]
[Round "8"]
[White "Oorebeek,E"]
[Black "Skatchkov,P"]
[Result "0-1"]
[WhiteElo "2159"]
[BlackElo "2491"]

1.d4 d5 2.Nf3 Nf6 3.c4 c6 4.Nc3 dxc4 5.a4 Bf5 6.e3 e6 7.a5 Nbd7 8.Bxc4 Bd6
9.O-O O-O 10.h3 Bc7 11.Qa4 Ne4 12.Nxe4 Bxe4 13.Be2 Nf6 14.Bd2 a6 15.Bc3 Nd5
16.Nd2 Bxg2 17.Kxg2 Qg5+ 18.Bg4 f5 19.Nf3 Qh6 20.Ne5 fxg4 21.hxg4 Qh4 22.Be1 Bxe5
23.dxe5 Nf4+  0-1

[Event "ZMD Open"]
[Site "Dresden GER"]
[Date "2008.07.24"]
[Round "6"]
[White "Kempinski,R"]
[Black "Savchenko,S"]
[Result "1/2-1/2"]
[WhiteElo "2613"]
[BlackElo "2557"]

1.d4 d5 2.c4 c6 3.Nf3 Nf6 4.Nc3 dxc4 5.a4 Bf5 6.Ne5 Nbd7 7.Nxc4 Nb6 8.Ne5 a5
9.Bg5 Nbd5 10.Qb3 Qb6 11.Qxb6 Nxb6 12.f3 Nfd7 13.Nxd7 Nxd7 14.e4 Bg6 15.O-O-O f6
16.Bh4 Bf7 17.d5 e5 18.Bf2 Bb4 19.Bc4 Rd8 20.Rd2 Nc5 21.Rc2 cxd5 22.Nxd5 Bxd5
23.Bxd5 Nd3+ 24.Kb1 Nxf2 25.Rxf2 Rd7 26.Rc1 Ke7 27.Rfc2 b6  1/2-1/2

[Event "Politiken Cup"]
[Site "Helsingor DEN"]
[Date "2008.07.25"]
[Round "8"]
[White "Andersen,Dag"]
[Black "Strand,Kj"]
[Result "0-1"]
[WhiteElo "1944"]
[BlackElo "2066"]

1.d4 d5 2.Nf3 Nf6 3.c4 c6 4.Nc3 dxc4 5.a4 Bf5 6.Ne5 e6 7.f3 Bb4 8.e4 Bxe4
9.fxe4 Nxe4 10.Qf3 Qxd4 11.Qxf7+ Kd8 12.Bg5+ Nxg5 13.Qxg7 Qh4+ 14.Ke2 Rf8
15.g3 Qh5+ 16.g4 Qh4 17.Kd1 Kc8 18.Bxc4 Rd8+ 19.Kc1 Nd7 20.Rd1 Nxe5 21.Rxd8+ Kxd8
22.Qxe5 Qxg4 23.Qh8+ Kc7 24.Qxa8 Qxc4 25.Qh8 Qf1+ 26.Nd1 Qc4+ 27.Kb1 Qe4+
28.Kc1 Nf3 29.Qg7+ Kb6 30.b3 Ne1 31.Qg1+ c5 32.Ne3 Nd3+ 33.Kd1 Qf3+ 34.Kc2 Qe2+
35.Kb1 Qb2+  0-1

[Event "Politiken Cup"]
[Site "Helsingor DEN"]
[Date "2008.07.25"]
[Round "8"]
[White "Olsen,P"]
[Black "Carnstam,T"]
[Result "1-0"]
[WhiteElo "2224"]
[BlackElo "2046"]

1.d4 d5 2.c4 c6 3.Nc3 Nf6 4.Nf3 dxc4 5.a4 Bf5 6.Nh4 Bg4 7.f3 Bh5 8.g4 Bg6
9.e4 e6 10.Ng2 c5 11.dxc5 Qxd1+ 12.Kxd1 Bxc5 13.Bxc4 Nc6 14.Be3 O-O-O+ 15.Ke2 Nd4+
16.Kf2 h5 17.g5 Nd7 18.Rhd1 Nc2 19.Bxc5 Nxc5 20.Rac1 Nb4 21.Ke3 Kb8 22.Nf4 e5
23.Nfd5 Nxd5+ 24.Bxd5 Ne6 25.Bxe6 fxe6 26.Rxd8+ Rxd8 27.Ne2 Be8 28.Rc5 Bxa4
29.Rxe5 Rd6 30.Nf4 Rb6 31.Nxh5 g6 32.Nf4 Rb3+ 33.Kf2 Rxb2+ 34.Kg3 b5 35.Nxg6 b4
36.Nf4 Rd2 37.g6 Rd7 38.Ra5 Bc6 39.Nxe6 b3 40.Ra3 b2 41.Rb3+ Rb7 42.Rxb2 Rxb2
43.g7  1-0